Prt̀ica e teoria do direito penal e processual penal Volume II. 9® Ediȯ̂

Detalles Bibliográficos
Autor principal: Carvalho de Matos, Joô
Formato: Libro
Lenguaje:portugués
Publicado: Brasil Editora Mundo Jurd̕ico 2011
Materias:
Acceso en línea:Acceso restringido

MARC

LEADER 00000nam a22000007a 4500
005 20151217130159.0
007 cr|zz| ||u|
008 151217s2011 bl ||||| |||| 00||0|por d
020 |a 978-85-8085-002-4 
035 |a 12985 
040 |a vLex 
090 |c 5755  |d 5755 
100 1 |a Carvalho de Matos, Joô  
245 1 0 |a Prt̀ica e teoria do direito penal e processual penal Volume II. 9® Ediȯ̂  |h [Recurseo electrn̤ico] /  |c Joô Carvalho de Matos  
256 |a Servicio en ln̕ea  
260 |a Brasil  |b Editora Mundo Jurd̕ico  |c 2011 
300 |a 1 recurso electrn̤ico  
500 |a  Chegamos ̉9® ediȯ̂ de nosso Livro, agora em trs̊ (3) volumes, para facilitar o manuseio. Mas, no Brasil, com um Congresso Nacional, com membros que legislam conforme os enfoques midit̀icos, haja a vista a Lei Fleury, para beneficiar o Delegado Servil do regime militar, a Lei dos Crimes Hediondos surgiu em decorrn̊cia do seqüestro do dono de uma grande rede de supermercados e, tambm̌, em razô do assassinato de uma atriz global. A lei que alterou a progressô de regime de cumprimento de pena para crimes hediondos para 2/5 e 3/5 ̌para dar uma satisfaȯ̂ ̉sociedade – quando, em verdade, a melhor satisfaȯ̂ que os nossos Congressistas, com raras exceė̳s, poderiam dar ao povo brasileiro ̌deixarem de legislar, sempre em causa prp̤ria. Por ocasiô da elaboraȯ̂ do Orȧmento da Uniô ao disponibilizarem verbas para os Estados e Municp̕ios, que o faȧm visando o bem comum – e nô seus interesses pessoais – Muitos, com empresas prp̤rias, em nome de laranjas, para vencerem as pseudas concorrn̊cias! Alm̌ do combate ao trf̀ico de entorpecente, como resolveram fazer no Rio de Janeiro, ̌preciso tambm̌ uma forȧ tarefa para um curso de civismo para 90% dos homens pb︢licos: das Cḿaras Municipais, s̉ Assemblǐas Legislativas, Cḿara dos Deputados, Senado, Ministřios, etc.etc. Enfim, nô ̌fc̀il manter um livro atualizado de um ano para o outro, porque os Congressistas acham que o caminho mais curto para o combate ̉criminalidade ̌a prisô, com penas cada vez mais altas – enquanto a educaȯ̂ em todos os nv̕eis ̌sempre relegada a l︢timo plano, em todas as esferas de Governo, haja vista o crescente nm︢ero de Escolas particulares, em todos os nv̕eis! 
506 1 |a Contenido solo disponible en los productos indicados  |d vLex Global  |d vLex Global (Academic Edition, excluding Law Schools)  |d vLex Global (U.S. Academic Edition, Law Schools)  |d vLex Global (U.S. Academic Edition, excluding Law Schools)  |d vLex Global (Academic Edition, Law Schools) 
650 0 4 |a Derecho penal  |z Brasil 
740 |a vLex libros (servicio en ln̕ea)  
856 4 0 |u http://vlex.com/source/pratica-e-teoria-do-direito-penal-e-processual-penal-volume-ii-9-edi-o-12985/info  |z Acceso restringido  
942 |c BOOK 
999 0 |a Criminal law